<?xml version="1.0" encoding="UTF-8"?>
<collection xmlns="http://www.loc.gov/MARC21/slim">
 <record>
  <leader>01012nam a22001931a 4500</leader>
  <controlfield tag="001">1/12423</controlfield>
  <controlfield tag="008">980309s1998    gr            001 0 gre d</controlfield>
  <datafield tag="020" ind1=" " ind2=" ">
   <subfield code="a">9603444111</subfield>
  </datafield>
  <datafield tag="035" ind1=" " ind2=" ">
   <subfield code="l">12836</subfield>
  </datafield>
  <datafield tag="040" ind1=" " ind2=" ">
   <subfield code="a">GR-PeUP</subfield>
  </datafield>
  <datafield tag="082" ind1="0" ind2="0">
   <subfield code="a">370.1 495 ΕΥ</subfield>
  </datafield>
  <datafield tag="100" ind1="1" ind2=" ">
   <subfield code="a">Ευαγγελόπουλος, Σπύρος B.</subfield>
  </datafield>
  <datafield tag="245" ind1="1" ind2="0">
   <subfield code="a">Ελληνική εκπαίδευση, τόμος Α':</subfield>
   <subfield code="b">αρχαιότητα-ελληνιστική και ελληνορωμαική εποχή-βυζάντιο-τουρκοκρατία-19ος αιώνας /</subfield>
   <subfield code="c">Σπύρος Ευαγγελόπουλος.</subfield>
  </datafield>
  <datafield tag="260" ind1=" " ind2=" ">
   <subfield code="a">Αθήνα:</subfield>
   <subfield code="b">Ελληνικά Γράμματα,</subfield>
   <subfield code="c">1998.</subfield>
  </datafield>
  <datafield tag="300" ind1=" " ind2=" ">
   <subfield code="a">197 σελ.:</subfield>
   <subfield code="b">πίν.;</subfield>
   <subfield code="c">24 εκ.</subfield>
  </datafield>
  <datafield tag="504" ind1=" " ind2=" ">
   <subfield code="a">Βιβλιογραφία.</subfield>
  </datafield>
  <datafield tag="650" ind1=" " ind2="4">
   <subfield code="a">Εκπαίδευση, Ελληνική.</subfield>
  </datafield>
  <datafield tag="852" ind1=" " ind2=" ">
   <subfield code="a">INST</subfield>
   <subfield code="b">UNIPILB</subfield>
   <subfield code="c">MAIN</subfield>
   <subfield code="e">20040709</subfield>
   <subfield code="h">370.1 495 ΕΥ</subfield>
   <subfield code="p">00128423</subfield>
   <subfield code="q">00128423</subfield>
   <subfield code="t">LOAN</subfield>
   <subfield code="v">τ.Α:</subfield>
   <subfield code="y">0</subfield>
   <subfield code="z">τ.Α</subfield>
   <subfield code="4">1</subfield>
  </datafield>
  <datafield tag="852" ind1=" " ind2=" ">
   <subfield code="a">INST</subfield>
   <subfield code="b">UNIPILB</subfield>
   <subfield code="c">MAIN</subfield>
   <subfield code="e">20040709</subfield>
   <subfield code="h">370.1 495 ΕΥ</subfield>
   <subfield code="p">00128424</subfield>
   <subfield code="q">00128424</subfield>
   <subfield code="t">LOAN</subfield>
   <subfield code="v">τ.Α:</subfield>
   <subfield code="y">0</subfield>
   <subfield code="z">τ.Α</subfield>
   <subfield code="4">2</subfield>
  </datafield>
 </record>
</collection>
